[Event "YGM"]
[Site "Biel SUI"]
[Date "2010.07.19"]
[Round "1"]
[White "Giri, A."]
[Black "Tomashevsky, E."]
[Result "1/2-1/2"]
[WhiteElo "2672"]
[BlackElo "2708"]
[PlyCount "55"]
[EventDate "2010.07.19"]

1. d4 Nf6 2. c4 e6 3. Nf3 Bb4+ 4. Bd2 Qe7 5. g3 Nc6 6. Nc3 Bxc3 7. Bxc3 Ne4 8.
Qc2 Nxc3 9. Qxc3 O-O 10. Bg2 d6 11. O-O e5 12. d5 Nb8 13. c5 Na6 14. Rac1 Nxc5
15. Nxe5 Bf5 16. Nd3 Nxd3 17. exd3 Rfe8 18. d4 Rac8 19. Rfe1 Qd7 20. h4 h6 21.
Kh2 Rxe1 22. Rxe1 Qd8 23. Re3 Bd7 24. Qb4 b6 25. Qc3 a5 26. Be4 Qf6 27. Kg2 g6
28. Bf3 1/2-1/2

[Event "YGM"]
[Site "Biel SUI"]
[Date "2010.07.19"]
[Round "1"]
[White "Andreikin, D."]
[Black "Nguyen Ngoc Truong Son"]
[Result "1/2-1/2"]
[WhiteElo "2650"]
[BlackElo "2617"]
[PlyCount "55"]
[EventDate "2010.07.19"]

1. e4 e6 2. d4 d5 3. Nc3 Bb4 4. Nge2 dxe4 5. a3 Be7 6. Nxe4 Nc6 7. Be3 Nf6 8.
Nxf6+ Bxf6 9. f4 Ne7 10. Qd3 Nf5 11. O-O-O Bd7 12. g4 Nxe3 13. Qxe3 Bc6 14. Rg1
Qd6 15. g5 Be7 16. Nc3 O-O-O 17. Bc4 Bd7 18. Ne4 Qb6 19. Rd3 Bb5 20. Bxb5 Qxb5
21. Rgd1 Kb8 22. Nc5 Qc6 23. Qe5 Rhg8 24. Rb3 Bxc5 25. Qxc5 Qxc5 26. dxc5 Kc8
27. Rxd8+ Rxd8 28. Rh3 1/2-1/2

[Event "YGM"]
[Site "Biel SUI"]
[Date "2010.07.20"]
[Round "2"]
[White "Giri, A."]
[Black "Andreikin, D."]
[Result "1/2-1/2"]
[WhiteElo "2672"]
[BlackElo "2650"]
[PlyCount "217"]
[EventDate "2010.07.19"]

1. d4 g6 2. c4 Bg7 3. e4 d6 4. Nf3 Bg4 5. Be2 Nc6 6. Be3 e5 7. d5 Bxf3 8. Bxf3
Nd4 9. Bxd4 exd4 10. Nd2 Nf6 11. O-O O-O 12. Be2 Nd7 13. f4 Nc5 14. Qc2 Re8 15.
Rae1 a5 16. Bd3 a4 17. Nf3 c6 18. Re2 cxd5 19. cxd5 Qa5 20. Qb1 Rac8 21. Rd1
Nd7 22. h3 b5 23. Bc2 Nb6 24. Rde1 Nc4 25. e5 Ne3 26. e6 f5 27. g4 b4 28. gxf5
Rxc2 29. Rxe3 Qc5 30. Rd3 gxf5 31. Nh4 b3 32. axb3 axb3 33. Qd1 Qxd5 34. Qf3
Qxf3 35. Rxf3 d3 36. Rxd3 Bxb2 37. Nxf5 Rc1 38. Rxc1 Bxc1 39. Rg3+ Kf8 40. e7+
Rxe7 41. Nxe7 b2 42. Rb3 Kxe7 43. Kf2 Bxf4 44. Rxb2 Kf6 45. Kf3 Be5 46. Rg2 Kf5
47. Rg8 h5 48. Rf8+ Kg6 49. Ke4 h4 50. Kd5 Bg3 51. Ke6 Kg5 52. Rf5+ Kg6 53. Ra5
Be5 54. Ra4 Bg3 55. Rg4+ Kh6 56. Kf6 Be5+ 57. Kf7 Bg3 58. Rg6+ Kh7 59. Kf6 Be5+
60. Kg5 Bf4+ 61. Kh5 Bg3 62. Rg4 Be1 63. Rf4 Kg7 64. Rf5 Bg3 65. Rf1 d5 66. Rd1
Kf6 67. Rxd5 Ke6 68. Rd1 Ke5 69. Rf1 Ke4 70. Rf8 Ke5 71. Kg6 Ke6 72. Re8+ Kd7
73. Re2 Kd6 74. Kf5 Kd5 75. Rd2+ Kc5 76. Ke6 Kc4 77. Rd5 Bh2 78. Rd8 Bg3 79.
Rd5 Bh2 80. Rf5 Bg3 81. Kf6 Kd4 82. Rg5 Ke4 83. Ke6 Kd4 84. Ra5 Kc4 85. Ra8 Kd4
86. Rc8 Bh2 87. Rc1 Bg3 88. Rc2 Kd3 89. Rc1 Kd4 90. Rf1 Kc4 91. Rf5 Kd4 92. Ra5
Kc4 93. Ra4+ Kc5 94. Re4 Bf2 95. Re2 Bg3 96. Rd2 Kc4 97. Kf5 Kc5 98. Ke4 Kc6
99. Rd5 Bh2 100. Rh5 Bg3 101. Rh6+ Kc5 102. Rh5+ Kd6 103. Kd4 Bf2+ 104. Kd3 Bg3
105. Kc4 Ke6 106. Rh6+ Ke5 107. Kd3 Kd5 108. Rh5+ Kd6 109. Ke4 1/2-1/2

[Event "YGM"]
[Site "Biel SUI"]
[Date "2010.07.21"]
[Round "3"]
[White "Howell, D."]
[Black "Giri, A."]
[Result "1/2-1/2"]
[WhiteElo "2616"]
[BlackElo "2672"]
[PlyCount "53"]
[EventDate "2010.07.19"]

1. e4 e5 2. Nf3 Nf6 3. Nxe5 d6 4. Nf3 Nxe4 5. d4 d5 6. Bd3 Nc6 7. O-O Be7 8.
Nc3 Bf5 9. Qe1 Bb4 10. Qe3 Bxc3 11. bxc3 O-O 12. c4 Re8 13. Ne5 Nd6 14. cxd5
Bxd3 15. Qxd3 Nxe5 16. dxe5 Rxe5 17. Bf4 Re8 18. c4 b6 19. Rac1 Nb7 20. Qg3 Rc8
21. Rfe1 Nd6 22. Rxe8+ Qxe8 23. h4 Nf5 24. Qg4 Qe4 25. f3 Qd4+ 26. Kh1 Nd6 27.
Bh2 1/2-1/2

[Event "YGM"]
[Site "Biel SUI"]
[Date "2010.07.22"]
[Round "4"]
[White "Andreikin, D."]
[Black "Howell, D."]
[Result "1-0"]
[WhiteElo "2650"]
[BlackElo "2616"]
[PlyCount "59"]
[EventDate "2010.07.19"]

1. Nf3 Nf6 2. c4 g6 3. Nc3 d5 4. cxd5 Nxd5 5. g3 Bg7 6. Bg2 Nb6 7. d4 Nc6 8. e3
O-O 9. O-O Re8 10. Re1 e5 11. d5 Nb4 12. e4 c6 13. Qb3 Nd3 14. Bg5 f6 15. Red1
Nc5 16. Qa3 Qd6 17. Be3 Bf8 18. Rac1 Nca4 19. Qxd6 Bxd6 20. Nxa4 Nxa4 21. dxc6
Be7 22. cxb7 Bxb7 23. Rc7 Bxe4 24. Rdd7 Bf8 25. Ng5 Bxg2 26. Nxh7 Re6 27. Nxf8
Rc6 28. Rg7+ Kxf8 29. Rcf7+ Ke8 30. Kxg2 1-0

[Event "YGM"]
[Site "Biel SUI"]
[Date "2010.07.23"]
[Round "5"]
[White "Howell, D."]
[Black "Tomashevsky, E."]
[Result "1/2-1/2"]
[WhiteElo "2616"]
[BlackElo "2708"]
[PlyCount "31"]
[EventDate "2010.07.19"]

1. e4 e5 2. Nf3 Nc6 3. Bc4 Bc5 4. c3 Nf6 5. d3 a6 6. Bb3 d6 7. O-O Ba7 8. Nbd2
O-O 9. h3 Be6 10. Bc2 h6 11. Re1 Re8 12. Nf1 d5 13. Bd2 Bc5 14. b4 Bf8 15. a4
b5 16. Ng3 1/2-1/2

[Event "YGM"]
[Site "Biel SUI"]
[Date "2010.07.24"]
[Round "6"]
[White "Nguyen Ngoc Truong Son"]
[Black "Caruana, F."]
[Result "1/2-1/2"]
[WhiteElo "2617"]
[BlackElo "2697"]
[PlyCount "61"]
[EventDate "2010.07.19"]

1. d4 d5 2. Bg5 h6 3. Bh4 c6 4. Nf3 Qb6 5. b3 Bf5 6. e3 e6 7. Bd3 Bxd3 8. Qxd3
Nd7 9. O-O Be7 10. Bxe7 Nxe7 11. c4 O-O 12. Nc3 Rad8 13. Rfc1 Qa6 14. Qe2 dxc4
15. Ne4 Qa5 16. bxc4 c5 17. Rab1 Qc7 18. Qb2 b6 19. Qa3 Nf5 20. dxc5 bxc5 21.
h3 Qc6 22. Nc3 Nd6 23. Nb5 a6 24. Nxd6 Qxd6 25. Rd1 Qc6 26. Qd3 Qc7 27. Qd6 Qa5
28. Qd2 Qc7 29. Qd6 Qa5 30. Qd2 Qc7 31. Qd6 1/2-1/2